NCHRP Report 525 Surface Transportation Security Vol 14 Security 101: A Physical Security Primer for Transportation Agencies / (Record no. 2208)
[ view plain ]
| 000 -LEADER | |
|---|---|
| fixed length control field | 00501 a2200121 4500 |
| 020 ## - INTERNATIONAL STANDARD BOOK NUMBER | |
| International Standard Book Number | 9780309117937 |
| 022 ## - INTERNATIONAL STANDARD SERIAL NUMBER | |
| International Standard Serial Number | 00775614 |
| 082 ## - DEWEY DECIMAL CLASSIFICATION NUMBER | |
| Classification number | 363.125 FRA |
| 100 ## - MAIN ENTRY--PERSONAL NAME | |
| Personal name | Frazier, Ernest R. |
| 245 ## - TITLE STATEMENT | |
| Title | NCHRP Report 525 Surface Transportation Security Vol 14 Security 101: A Physical Security Primer for Transportation Agencies / |
| Statement of responsibility, etc. | Ernest R. Frazier, Yuko J. Nakanishi, Mary Ann Lorimer |
| 260 ## - PUBLICATION, DISTRIBUTION, ETC. | |
| Place of publication, distribution, etc. | Washington : |
| Name of publisher, distributor, etc. | Transportation Research Board, |
| Date of publication, distribution, etc. | 2009 |
| 300 ## - PHYSICAL DESCRIPTION | |
| Extent | 211p. : |
| Other physical details | ill. ; |
| Dimensions | 30 cm |
| 650 ## - SUBJECT ADDED ENTRY--TOPICAL TERM | |
| Topical term or geographic name entry element | Physical Security -- Transportation |
| Withdrawn status | Lost status | Damaged status | Not for loan | Permanent Location | Current Location | Shelving location | Date acquired | Total Checkouts | Full call number | Barcode | Date last seen | Price effective from | Koha item type | Source of acquisition |
|---|---|---|---|---|---|---|---|---|---|---|---|---|---|---|
| School of Civil and Environmental Engineering (SCEE) | School of Civil and Environmental Engineering (SCEE) | 363.125 FRA | NIT-6856 | 01/05/2017 | 01/05/2017 | Book | ||||||||
| School of Civil and Environmental Engineering (SCEE) | School of Civil and Environmental Engineering (SCEE) | NIT-6973 | 01/05/2017 | 01/05/2017 | Report | NIT |
